MARC

LEADER 00000nam0a2200000 4500
001 340023
005 20231102005210.0
035 |a (RuTPU)RU\TPU\book\366588 
090 |a 340023 
100 |a 20180208d1967 km y0rusy50 ca 
101 0 |a rus 
102 |a RU 
105 |a a z 000zy 
200 1 |a Опыт сжигания коры на целлюлозно-бумажных комбинатах  |f М. В. Мардер 
210 |a Москва  |c Лесная промышленность  |d 1967 
215 |a 159 с.  |c ил. 
606 1 |a Целлюлозно-бумажное производство  |x Процессы  |2 stltpush  |3 (RuTPU)RU\TPU\subj\18030  |9 43566 
610 1 |a топливо 
610 1 |a ТЭЦ 
610 1 |a транспортирование 
610 1 |a прессы 
610 1 |a топочные устройства 
610 1 |a оборудование 
610 1 |a паровые котлы 
610 1 |a электроэнергия 
610 1 |a тепловые напряжения 
610 1 |a физико-технические свойства 
610 1 |a температура 
610 1 |a влажность 
675 |a 676.02  |v 4 
700 1 |a Мардер  |b М. В.  |g Моисей Владимирович 
801 1 |a RU  |b 63413507  |c 20180208 
801 2 |a RU  |b 63413507  |c 20180209  |g RCR 
942 |c BK